Fr. Conceicao Rodrigues College of Engineering

Principles of Engineering Mechanics-Kinematics (Record no. 33677)

MARC details
000 -LEADER
fixed length control field 00346nam a2200157Ia 4500
082 ## - DEWEY DECIMAL CLASSIFICATION NUMBER
Classification number 620.1
Item number BEA
100 ## - MAIN ENTRY--PERSONAL NAME
Personal name Beatty/Millard F
245 ## - TITLE STATEMENT
Title Principles of Engineering Mechanics-Kinematics
260 ## - PUBLICATION, DISTRIBUTION, ETC.
Name of publisher, distributor, etc. Springer
Date of publication, distribution, etc. 1985
300 ## - PHYSICAL DESCRIPTION
Extent 396
490 ## - SERIES STATEMENT
Volume/sequential designation 1
546 ## - LANGUAGE NOTE
Language note ENGLISH
-- Info.Tech
650 ## - SUBJECT ADDED ENTRY--TOPICAL TERM
Topical term or geographic name entry element Mechanics
942 ## - ADDED ENTRY ELEMENTS (KOHA)
Koha item type BOOK
Holdings
Withdrawn status Lost status Damaged status Not for loan Collection Home library Current library Date acquired Source of acquisition Inventory number Total Checkouts Full call number Barcode Date last seen Price effective from Koha item type
        CRC Fr. Agnel's C.Rodrigues College of Engineering Fr. Agnel's C.Rodrigues College of Engineering 17/03/2023 ANE BOOKS 17 dt 30/04/2011   620.1 BEA 21713 17/03/2023   BOOK